000 00633nam a2200241Ia 4500
001 Z_5865
003 CHAP
008 220113s2007 xx 000 0 und d
010 _a169073
040 _cCHAP
082 _a636.4085 M4
100 _aMejía Guadarrama, César Augusto
_9143390
245 _aAlimentación del hato reproductor porcino /
_cCésar Augusto Mejía Guadarrama /
_cy otros /
_c
260 _aMéxico, D.F. :
_bINIFAP,
_c2007
300 _a215 p.
650 _a!. Ganado porcino
_xNutrición
_945390
901 _a636.4085 M4
902 _aA
910 _a2007
942 _c1
942 _cc1
999 _c169073
_d169073